| 000 | 00000nam##2200000za#4500 |
| 001 | 9.672401 |
| 003 | CaOODSP |
| 005 | 20210615130844 |
| 007 | ta |
| 008 | 150407|2010||||xxc||||| f|0| 0 eng|d |
| 020 | |a978-1-100-52064-3 |
| 040 | |aCaOODSP|beng |
| 041 | |aeng |
| 041 | |afre |
| 043 | |an-cn--- |
| 086 | 1 |aT29-79/2010 |
| 110 | 1 |aCanada. |bTransport Canada. |
| 245 | 10|aApplication for pleasure craft licence / |c[issued by the] Office of Boating Safety. |
| 260 | |bTransport Canada |cc2010. |
| 300 | |a[2]p. : |bphotographs ; |c28 cm. + |eApplication form (1p.) |
| 563 | |aPamphlet |
| 590 | |a10-43|b2010-10-29 |
| 690 | 07|aPleasure craft|2gcpds |
| 776 | 0#|tApplication for pleasure craft licence / |w(CaOODSP)9.693665 |
| 776 | 0#|tDemande de permis d'embarcation de plaisance / |w(CaOODSP)9.637840 |
| 792 | |tDemande de permis d'embarcation de plaisance / |efre|w(CaOODSP)9.672402 |
| 986 | |aTP 15049E |